Biblioteca

Johann Sebastian Bach : (Registro nro. 66016)

Detalles MARC
000 -LÍDER
Campo fijo de descripción fija 01865nam a2200301 i 4500
001 - NÚMERO DE CONTROL
Campo de control 768714001
003 - IDENTIFICADOR DEL NÚMERO DE CONTROL
Campo de control CO-MdFUSB
005 - FECHA Y HORA DE LA ULTIMA TRANSACCIÓN
control field 20210218102951.0
007 - CAMPO FIJO DE DESCRIPCIÓN FIJA--INFORMACIÓN GENERAL
Campo fijo de descripción fija ta
008 - ELEMENTOS DE LONGITUD FIJA -- INFORMACIÓN GENERAL
Campo fijo de descripción fija -- Información general 200603t2008 sp a|||| |||| 00| 0 spa d
020 ## - NÚMERO INTERNACIONAL NORMALIZADO PARA LIBROS
Número Internacional Normalizado del libro 9788496924406
040 ## - FUENTE DE CATALOGACIÓN
Agencia de catalogación original CO-MdFUSB
Idioma de catalogación spa
Agencia que realiza la transcripción CO-MdFUSB
Agencia que realiza la modificación CO-MdFUSBC
Convenciones de la descripción rda
041 ## - CÓDIGO DE IDIOMA
Código de idioma para texto/pista de sonido o título separado spa
082 ## - NÚMERO DE CLASIFICACIÓN DECIMAL DEWEY
Número de la edición del Dewey 23
Número de clasificación 780.92
Clave de autor-Numero de item W855
100 ## - ASIENTO PRINCIPAL--NOMBRE PERSONAL
Nombre personal Wolff, Christian,
Término relacionador autor
245 1# - TÍTULO
Título del Material Johann Sebastian Bach :
Parte restante del título - Subtitulo el músico sabio
Mención de responsabilidad, etc. / Christoph Wolff
264 #1 - PRODUCCIÓN, PUBLICACIÓN, DISTRIBUCIÓN, MANUFACTURA, Y COPYRIGHT
Lugar de producción, publicación, distribución, manufactura Barcelona :
Nombre del productor, publicador, distribuidor Robinbook,
Fecha de producción, publicación, distribución, manufactura, o copyright [2008]
264 #4 - PRODUCCIÓN, PUBLICACIÓN, DISTRIBUCIÓN, MANUFACTURA, Y COPYRIGHT
Fecha de producción, publicación, distribución, manufactura, o copyright © 2008
300 ## - DESCRIPCIÓN FÍSICA
Extensión 641 páginas
Dimensiones ; 21 cm
336 ## - TIPO DE CONTENIDO
Fuente rdacontent
Término de tipo de contenido texto
Código de tipo de contenido txt
337 ## - TIPO DE MEDIO
Fuente rdamedia
Nombre del tipo de medio sin mediación
Código del tipo de medio n
338 ## - TIPO DE SOPORTE
Fuente rdacarrier
Nombre del tipo de soporte volumen
Código Tipo de soporte nc
520 ## - NOTA DE RESUMEN, ETC.
Nota de sumario, etc. La juventud creadora. Período 1685-1723.<br/>«Los nombres de Johann Sebastian Bach y Christoph Wolff han sido inseparables durante muchos años. El hecho de que ahora uno de ellos haya escrito una biografía del otro es, evidentemente, una expresión de gratitud e inmensa admiración. No conocemos la reacción de Bach, pero seguramente recibiría con gusto la integridad y la mirada penetrante de este biógrafo.» GUSTAV LEONHARDT (director de orquesta, pianista y organista)<br/>La Madurez del genio.<br/>La biografía definitiva del genio musical del barroco (periodo 1723-1750).<br/>Sin duda nos encontramos ante la biografía definitiva de Bach, un texto riguroso, detallado y lleno de nuevas aportaciones. Completando el volumen I (La juventud creadora), este segundo incluye, además, numerosos ejemplos de partituras, el índice general de obras de Bach, una completa cronología y otros anexos de gran valor documental. Este libro, finalista del premio Pulitzer en 2001, ha sido celebrado ya por músicos tan relevantes como Gustav Leonhardt e Isaac Stern.
563 ## - NOTA DE ENCUADERNACIÓN
Nota de encuadernación Rústico
650 #7 - ASIENTO SECUNDARIO DE MATERIA - TERMINO TEMÁTICO
9 (RLIN) 409
Término temático o nombre geográfico como elemento de entrada Biografía
942 ## - TIPO DE MATERIAL (KOHA)
Tipo de Item KOHA Libros General
945 ## - INFORMACIÓN LOCAL DEL REGISTRO
Catalogador JTF-925
Existencias
Estado de Material Estado de Perdido Forma de Clasificación Estado de Dañado No para Préstamo Colección Biblioteca de Origen Biblioteca Permanente Fecha de Adquisición Forma de Adquisición Área Total de Préstamos Signatura Topográfica Código de Barras Última vez visto Ejemplar/Existencia Fecha de Remplazo Tipo de Material
    Dewey Decimal Classification     Colección General Biblioteca FUSBC Biblioteca FUSBC 03/06/2020 Donación Atiencia BIOGRAFIA   G 780.92 W855j 9439 03/06/2020 Ej.1 03/06/2020 Libros General

Biblioteca FUSBC | Teléfono: (57+4) 349 88 10 Ext. 141| WhatsApp (+57) 3005338115 
E-mail: biblioteca@unisbc.edu.co | Calle 76 87-14 Robledo Palenque, Medellín, Colombia

Con tecnología Koha